Trends in multiple criteria decision analysis
I tiakina i:
| Ngā kaituhi matua: | , , |
|---|---|
| Hōputu: | Pukapuka |
| Reo: | Ingarihi |
| I whakaputaina: |
Dordrecht
Springer
2010
|
| Putanga: | 1a. ed |
| Rangatū: | International Series in Operations Research and Management Science, 142
|
| Ngā marau: | |
| Ngā Tūtohu: |
Tāpirihia he Tūtohu
Kāore He Tūtohu, Me noho koe te mea tuatahi ki te tūtohu i tēnei pūkete!
|
MARC
| LEADER | 00000cam a2200000 a 4500 | ||
|---|---|---|---|
| 001 | UCD9536 | ||
| 003 | CL-VaPUC | ||
| 008 | 170626e20100000ne |||||||||||||||||eng|d | ||
| 020 | |a 9781441959034 | ||
| 082 | 0 | 4 | |a 519.6 |b EHR |2 21 |
| 100 | 0 | |a Ehrgott, Matthias |e author |9 593200 | |
| 700 | 0 | |a Figueira, José Rui |e author |9 593201 | |
| 700 | 0 | |a Greco, Salvatore |e author |9 593202 | |
| 245 | 1 | 0 | |a Trends in multiple criteria decision analysis |
| 250 | |a 1a. ed | ||
| 300 | |a 412 p | ||
| 942 | |c BK | ||
| 945 | |d 20170626 01:10:00 |a dcastane | ||
| 260 | |a Dordrecht |b Springer |c 2010 | ||
| 650 | 0 | |a Optimización matemática |9 259780 | |
| 650 | 0 | |a Toma de decisiones |9 257530 | |
| 583 | |a last modification |c 20170626 01:10:00 |k Rodrigo Vera | ||
| 490 | 0 | |a International Series in Operations Research and Management Science, 142 | |
| 999 | |c 368664 |d 368662 | ||
| 952 | |0 0 |1 0 |3 erd |4 0 |6 519_600000000000000_EHR_2010 |7 0 |8 A |9 484056 |a BIBING |b BIBING |i 5401992 |o 519.6 EHR 2010 |p 5401992 |r 2025-01-20 |w 2019-11-24 |y BK |z Catalogado en:20170626 |k CCI | ||
| 952 | |0 0 |1 0 |3 erd |4 0 |6 519_600000000000000_EHR_2010 |7 0 |8 A |9 484057 |a BIBING |b BIBING |i 5401984 |o 519.6 EHR 2010 |p 5401984 |r 2025-01-20 |w 2019-11-24 |y BK |z Catalogado en:20170626 |k CCI | ||